Quizzes
Events
Quiz Creation
Community
Videos
Private Events
Remove Ads
Sign In
Join for FREE
Feedback
Dark Mode
Quiz Categories
Sports
Geography
Music
Movies
Television
Just For Fun
Miscellaneous
History
Literature
Language
Science
Gaming
Entertainment
Religion
Holiday
For Kids
Quiz Lab
Recent
Popular Today
Quiz Kudos Today
Editor Picks
Curator Picks
Quizzes by...
Day
Popularity
Type
Ratings
Length
Year
Community
Subscriptions
Recent Discussions
Orange Saloon
Badges
Playlists
Quests
Create
Leaderboards
Showdown
Live 5
Trivia Bingo
Activity
Puzzle Library
Sporcle Events
Private Events
Virtual Trivia
Globe League
Become a Host
Pub Owners
SporcleCon
Opinionation
Our Games
Videos
Blog
Mobile Apps
Partnerships
Remove Ads and Go Orange
Feedback
Sports
Athletes
MLB
NBA
NHL
NFL
Soccer
Sports Teams
WWE
NCAA
Football
Premier League
Basketball
Baseball
Hockey
Golf
Tennis
Cricket
Rugby
Auto Racing
Olympics
World Cup
Sports
Athletes
MLB
NBA
NHL
NFL
Soccer
Sports Teams
WWE
NCAA
Football
Premier League
Basketball
Baseball
Hockey
Golf
Tennis
Cricket
Rugby
Auto Racing
Olympics
World Cup
Random Quiz
Search Sporcle
×
Quiz Lab
Quiz Lab
Sports
Basketball
Type in answers that appear in a list
Type in answers that appear in a list
Classic
Best Score? Go Orange.
Professional Teams In Cali Stats
Can you name the Professional Teams In Cali?
By
DuxFan95
5m
19 Questions
40 Plays
40 Plays
40 Plays
Comments
Comments
Give Quiz Kudos
Give Quiz Kudos
-
- Ratings
hide this ad
Replay
Link that replays current quiz
Next Quiz
Link to next quiz in quiz playlist
You Got
0%
They Got
Avg Score
82%
Avg Friend Score
Upgrade to see
Score Distribution
Jump to the score distribution portion of the page
Score
0/19
Timer
05:00
0
Plays Today
SPORT
TEAM NAME
% Correct
NBA
Sacramento Kings
95%
NHL
Los Angeles Kings
95%
MLB
San Diego Padres
92.5%
NFL
Oakland Raiders
92.5%
NBA
Los Angeles Lakers
92.5%
MLB
Los Angeles Dodgers
90%
NFL
San Francisco 49ers
90%
NBA
Golden State Warriors
90%
NBA
Los Angeles Clippers
90%
MLB
Los Angeles Angles of Anaheim
85%
SPORT
TEAM NAME
% Correct
NFL
San Diego Chargers
85%
MLB
San Fransisco Giants
82.5%
MLS
Los Angeles Galaxy
82.5%
MLB
Oakland Athletics
80%
NHL
San Jose Sharks
80%
NHL
Anaheim Ducks
77.5%
WNBA
Los Angeles Sparks
67.5%
MLS
San Jose Earthquakes
47.5%
MLS
Chivas USA
45%
Quiz Playlist
Details
Report
Send in Message
Add To Playlist
Classic:
Type in answers that appear in a list
Last Updated: Feb 16, 2017
Quiz Scoreboard
CHALLENGE
Sign Up to Join the Scoreboard
Show All
Scores
Hide
Comments
May contain spoilers
Recently Published
Billboard Blitz: Fleetwood Mac
by CooCooCachoo
Music
15s
Presidents Visiting Landmarks
by Hejman
History
7m
An Introduction to Baseball
by treessimontrees
Sports
5m
More to Explore
Quiz From the Vault
Featured Blog Post
Where Did the Easter Bunny Come From?
hide this ad
You Might Also Like...
Tags
Baseball Quiz
Basketball Quiz
MLB Quiz
NBA Quiz
NFL Quiz
NHL Quiz
California
California Cities
MLS
WNBA
Today's Top Quizzes in Sports
Browse Sports
hide this ad
Today's Top Quizzes in Basketball
Browse Basketball
Top Contributed Quizzes in Sports
1
Les meilleurs buteurs des matchs entre le PSG et l’OM
2
2022 World Cup Stars
3
FIFA Club World Cup Champions
4
Les entraîneurs de l'OM et du PSG au 21e siècle
5
Criteria MLB: Left Handed Sluggers
6
Name the Premier League winners with different clubs
7
5-to-1: UK Sports Teams
8
AFC Teams Reveal (Wrong Answers Minefield)
9
Players with Multiple 50 Home Run Seasons
10
5-to-1: FBS Animal Nicknames
Explore More
Trending Topics
Disney
NBA
Marvel
Kpop
Harry Potter
Anime
Crossword
Country
NFL
The Office
Pokémon
Soccer
Puzzle
Song
WWE
hide this ad
More By:
DuxFan95
Quiz
Plays
Rating
Category
Featured
Created
Most Popular Shoe Brands (US)
293
5.00
Miscellaneous
Mar 13, 2013
NBA Scoring Leaders Each Year 1985-2012
279
2.33
Sports
Mar 13, 2013
Top 10 Basketball Shoes Of All Time (2008)
267
1.00
Sports
Mar 13, 2013
NBA Rebound Leaders 1988-2012
239
2.50
Sports
Mar 12, 2013
Professional Teams In Cali
40
Sports
Mar 4, 2013
Go to Creator's Profile
Score Distribution
Quiz Creator Spotlight
DuxFan95
Follow
Send a Message
Quizzes Created
-
Created Quiz Play Count
-
More By This Creator
Popular Quizzes Today
1
Find the US States - No Outlines Minefield
2
Find the Countries of Europe - No Outlines Minefield
3
The Countries of the World
4
Find the US States
5
US States
6
Risky Map Clicking: Biggest States A-Z
7
Popular People in 1961
8
Movies - When Are They Set?
More Sports Quizzes
MLB: Ringless RBI Men
Curator's Pick
Trending Quizzes
Risky Map Clicking: Least Populous States A-Z
1-10 Letter G Words
1-10 Letter F Words
Risky Map Clicking: Next State Alphabetically
Risky Map Clicking: Biggest States A-Z
Recently Updated
Leaping Animals
pecheneg
Reality TV Shows (A-Z)
bhenderson79
Rickey Henderson's Hall of Fame Teammates
pecheneg
Champions League XIs: Arsenal
pecheneg
Quick Pick: Celebrities in WWE's Hall of Fame
aduchscher
A-Z Keypad Blitz II
pecheneg
Multiple Oscar Actors
pecheneg
Mystery Phrase Blitz: Oscar 'Best Actors'
pecheneg
F. Scott Fitzgerald Novels
LTH
Pick 3 Villains
ddd62291
Trending Topics
Harry Potter
Anime
Kpop
Disney
Crossword
NBA
Marvel
Song
Country
The Office
NFL
Pokémon
Puzzle
Soccer
WWE
Your Account Isn't Verified!
In order to create a playlist on Sporcle, you need to verify the email address you used during registration. Go to your
Sporcle Settings
to finish the process.
Report this User
Report this user for behavior that violates our
Community Guidelines
.
Details:
Send Report
Go to the Sporcle.com Mobile Site →
Comments